000 00806nam a2200193Ii 4500
003 JO-AjNU
008 230605s9999||||xx |||||||||||||| ||und||
040 _aJO-AjNU
_bara
_erda
_cJO-AjNU
041 _aara
050 1 4 _aHD8661.A5.U72 2020
100 3 _aالاردن، ديوان الخدمة المدنية,
_eauthor
_963125
245 0 0 _a2020 ديوان الخدمة المدنية: التقرير السنوي لعام
264 3 1 _aعمان،الاردن: ديوان الخدمة المدنية، 2020
300 _a171ص
336 _atext
_btxt
_2rdacontent
337 _aunmediated
_bn
_2rdamedia
338 _avolume
_bnc
_2rdacarrier
650 4 _aالأردن -- ديوان الخدمة المدنية -- ديوان الخدمة المدنية (عمان، الأردن) -- تقارير
_963126
999 _aA28617
_c32185
_d32185